000 01579nam a2200265 i 4500
999 _c176064
_d176064
005 20200119153644.0
008 110412t20031996enkb e 000 f eng d
020 _a9780006479888
_cRM36.90
_qpaperback
040 _aPPAK
_beng
_cPPAK
_erda
082 0 4 _a823.92
_222
090 0 0 _a823.92
_bMAR
_dG
100 1 _aMartin, George R. R.,
_eauthor.
245 1 2 _aA GAME OF THRONES.
_nBOOK ONE OF :
_bA Song of Ice and Fire /
_cGEORGE R.R. MARTIN
264 1 _aLondon :
_bHARPER Voyager, An imprint of HarperCollinsPublishers,
_c2003
264 4 _c©1996
300 _a801 pages :
_bmaps ;
_c18 cm
336 _2rdacontent
_atext
337 _2rdamedia
_aunmediated
338 _2rdacarrier
_avolume
520 _aThe first volume of A Song of Ice and Fire, the greatest fantasy epic of the modern age. GAME OF THRONES is now a major TV series from HBO, starring Sean Bean. Summers span decades. Winter can last a lifetime. And the struggle for the Iron Throne has begun. As Warden of the north, Lord Eddard Stark counts it a curse when King Robert bestows on him the office of the Hand. His honour weighs him down at court where a true man does what he will, not what he must ...and a dead enemy is a thing of beauty. The old gods have no power in the south, Stark's family is split and there is treachery at court. Worse, the vengeance-mad heir of the deposed Dragon King has grown to maturity in exile in the Free Cities. He claims the Iron Throne.
650 1 0 _aEnglish fiction
650 2 0 _aImaginary wars and battles
_vFiction
650 2 0 _aFantasy fiction
942 _2ddc
_cB